La información como herramienta de participación ciudadana : prensa, medios y redes sociales /
Guardado en:
| Autor Principal: | |
|---|---|
| Otros Autores: | , |
| Formato: | Libro |
| Idioma: | Spanish |
| Publicado: |
Ciudad Autónoma de Buenos Aires :
Konrad Adenauser Stiftung,
2019.
|
| Edición: | 1a. ed. |
| Materias: | |
| Etiquetas: |
Agregar Etiqueta
Sin Etiquetas, Sea el primero en etiquetar este registro!
|
| LEADER | 00670nam a22001815a 4500 | ||
|---|---|---|---|
| 001 | DER.der014698 | ||
| 008 | 220427s2019####ag############000#0#spa#d | ||
| 005 | 20260224095045.0 | ||
| 245 | 1 | 0 | |a La información como herramienta de participación ciudadana : |b prensa, medios y redes sociales / |c Adriana Amado, María Eugenia Etkin, Leonardo Báez. |
| 250 | |a 1a. ed. | ||
| 260 | |a Ciudad Autónoma de Buenos Aires : |b Konrad Adenauser Stiftung, |c 2019. | ||
| 300 | |a 57 p. | ||
| 020 | |a 9789871285754 | ||
| 100 | 1 | |a Amado Suárez, Adriana. | |
| 700 | 1 | |a Etkin, Eugenia. | |
| 700 | 1 | |a Báez, Leonardo. | |
| 650 | 7 | |a DERECHO A LA INFORMACION | |
| 859 | |a DERECHO |b BIB. DERECHO |h 323.04 |i AMA |p 0010022 | ||
